000 01289nam a2200313 i 4500
003 EG-GICUC
005 20260121101542.0
008 251228s1961 ua ||||fr|||| 00| 0 ara d
040 _a EG-GICUC
_bara
_c EG-GICUC
_d EG-GICUC
_erda
041 _aara
082 0 4 _221
_a343.6
_bر م . م
092 0 4 _221
099 _aLaw1 10 343.6 ر م . م 1961
100 0 _aرمسيس بهنام
_eمؤلف.
245 1 0 _aمحاضرات في علم الإجرام.
_nالجزء الأول ،
_bعلم طبائع المجرم - علم الاجتماع الجنائي /
_cدكتور رمسيس بهنام.
264 1 _aالاسكندرية :
_bمنشأة المعارف،
_c1961.
300 _a371 ؛ صفحة
_c24 سم.
_bإيضاحيات، صور، مثيليات ؛
336 _2rda content
_atext
337 _2rda media
_aComputer
338 _2rda carrier
_aOnline Resource
504 _a. 362-364 ببليوجرافيا: صفحات
546 _aالنص أغلبه باللغة العربية بعض النصوص الإنجليزية والفرنسية
650 1 4 _aعلم الإجرام
_2qrmak
650 1 4 _aالقانون الجنائي
_2qrmak
651 1 _2qrmak
856 4 0 _uhttps://fll.law.cu.edu.eg/fulltext/bks/B10-07179.pdf
905 _a77
942 _2ddc
_cBK
_e21
_n0
999 _c52788
_d52788